00293nam a2200109Ia 4500008004100000041000800041100001900049245004000068260003500108300000900143700003100152250110s9999 xx 000 0 und d aeng aShingavi Nilam aInternational Airport Terninal Pune bFinal Year B. Arch, BNCAc2012 a162p aGuide Name:Athavale Suresh